Digital organizing : (Record no. 222288)
[ view plain ]
| 000 -LEADER | |
|---|---|
| fixed length control field | 00700nam a22002057a 4500 |
| 005 - DATE AND TIME OF LATEST TRANSACTION | |
| control field | 20250228152143.0 |
| 008 - FIXED-LENGTH DATA ELEMENTS--GENERAL INFORMATION | |
| fixed length control field | 220408b ||||| |||| 00| 0 eng d |
| 020 ## - INTERNATIONAL STANDARD BOOK NUMBER | |
| International Standard Book Number | 9781137604910 |
| 040 ## - CATALOGING SOURCE | |
| Transcribing agency | AIMIT LIBRARY |
| 082 ## - DEWEY DECIMAL CLASSIFICATION NUMBER | |
| Edition number | 1 |
| Classification number | 658.406 |
| Item number | PLEU |
| 100 ## - MAIN ENTRY--PERSONAL NAME | |
| Personal name | Plesner, Ursula. |
| 9 (RLIN) | 28556 |
| 245 ## - TITLE STATEMENT | |
| Title | Digital organizing : |
| Remainder of title | revisiting themes in organization studies / |
| Statement of responsibility, etc. | By Ursula Plesner and Emil Husted. |
| 250 ## - EDITION STATEMENT | |
| Edition statement | 1st ed. |
| 260 ## - PUBLICATION, DISTRIBUTION, ETC. | |
| Place of publication, distribution, etc. | England : |
| Name of publisher, distributor, etc. | Red Globe Press ; |
| Date of publication, distribution, etc. | 2020. |
| 300 ## - PHYSICAL DESCRIPTION | |
| Extent | x,272p. ; |
| Dimensions | 23.5 cm. |
| Other physical details | 23 cm. |
| 650 ## - SUBJECT ADDED ENTRY--TOPICAL TERM | |
| Source of heading or term | Revisiting themes in organization studies |
| 650 ## - SUBJECT ADDED ENTRY--TOPICAL TERM | |
| Source of heading or term | Implications of digital organizing |
| 700 ## - ADDED ENTRY--PERSONAL NAME | |
| Personal name | Husted, Emil. |
| 9 (RLIN) | 28557 |
| 942 ## - ADDED ENTRY ELEMENTS (KOHA) | |
| Source of classification or shelving scheme | Dewey Decimal Classification |
| Koha item type | Book |
| Edition | 1st |
| Call number prefix | 658.406 PLEU |
| Withdrawn status | Lost status | Source of classification or shelving scheme | Damaged status | Not for loan | Collection code | Home library | Current library | Date acquired | Source of acquisition | Cost, normal purchase price | Inventory number | Total Checkouts | Full call number | Barcode | Date last seen | Cost, replacement price | Price effective from | Koha item type |
|---|---|---|---|---|---|---|---|---|---|---|---|---|---|---|---|---|---|---|
| Dewey Decimal Classification | MBA | St Aloysius Institute of Management & Information Technology | St Aloysius Institute of Management & Information Technology | 03/24/2022 | Biblios Book Point | 4527.91 | Bill no:6621; Bill dt:2022-03-22 | 658.406 PLEU | MBA14338 | 05/23/2026 | 3622.33 | 04/08/2022 | Book |